00649nam a2200205Ia 450000500170000000800410001708200200005810000160007824501110009426000400020530000160024565000100026165000200027165000110029165000110030265000130031394200060032695200960033299900150042820250205034716.0240331s9999 xx 000 0 und d bRIS2454a305.4 aRisseeuw, C 4aThe Fish Don't Talk About the Water:bGender Transformation, Power and Resistance among Women in Sri Lanka aLeidenaNew YorkbE. J. Brillc1988 axv, 415 p., aWomen aColonial Period aLabour aGender aProperty cL 001040708LaWERCLbWERCLcSSCd2024-03-31l0o 305.4 RISp454r2024-03-31w2024-03-31yL c1698d1698